000 00795nam a2200217Ii 4500
003 JO-AjNU
008 230605s9999||||xx |||||||||||||| ||und||
017 _a2008/3/782
040 _aJO-AjNU
_bara
_erda
_cJO-AjNU
041 _aara
050 1 4 _aHD62.4.D87.2009
100 3 _aالدوري،زكريا مطلك/احمد علي صالح,
_eauthor
_929706
245 0 0 _aادارة الاعمال الدولية:منظور سلوكي واستراتيجي
250 _aط العربية ملونة
264 3 1 _aعمان:دار اليازوري العلمية للنشر والتوزيع،2009
300 _a524ص
336 _atext
_btxt
_2rdacontent
337 _aunmediated
_bn
_2rdamedia
338 _avolume
_bnc
_2rdacarrier
650 4 _aادارة-الشركات الدولية
_929707
999 _aA11685
_c15253
_d15253